LEADER 01379nam a2200265 i 4500 001 000000157882 003 CaOOAMICUS 005 20070517000000.0 008 070517s1963 it u000 u lat u 013 $a135243 040 $aSeMil$bita 100 1 $aPlautus, Titus Maccius,$d.$0(OLS)http://semarc/name/3853 245 10$aMiles gloriosus ; Mostellaria ; Persa ; Poenulus ; Pseudolus ; Rudens ; Stichus ; Trinummus ; Truculentus ; Vidularia ; Fragmenta. 260 $aOxonii :$bE Typographeo Clarendoniano,$c1963. 300 $a1 v. 490 0 $aScriptorum classicorum bibliotheca Oxoniensis 773 0 $aPlautus, Titus Maccius $tT. Macci Plauti comoediae.$dOxonii : E Typographeo Clarendoniano, [1959]-$kScriptorum classicorum bibliotheca Oxoniensis$gTomus2$w()17839 830 0$aScriptorum classicorum bibliotheca Oxoniensis.$0(OLS)http://semarc/title/23159 850 $aSeMil 852 $aSeMil$W1$xVenegono$y1$m1X III 209$j109557$B109557$CSeMilBibl$Z2$F123353 $81 900 1 $aPlauto. 961 $aOmaggio: Bellini don Enzo 996 $6245$aMiles gloriosus ; Mostellaria ; Persa ; Poenulus ; Pseudolus ; Rudens ; Stichus ; Trinummus ; Truculentus ; Vidularia ; Fragmenta$9(OLS)http://semarc/title/231634 996 $6260$aOxonii :$bE Typographeo Clarendoniano$9(OLS)http://semarc/publisher/30099 LEADER 01062nam a2200277 i 4500 001 000000226926 003 CaOOAMICUS 005 20140210000000.0 008 140210s2001 it u000 u ita u 013 $a205828 020 $a88-7135-130-4 040 $aSeMil$bita 100 1 $aLain, Luciana.$0(OLS)http://semarc/name/3890 245 10$aEtiopia /$cLuciana Lain, Francesco Calloni. 260 $aGorle :$bVelar,$cstampa 2001. 300 $a159 p. :$bin gran parte ill. ;$c31 cm. 490 0 $aPopoli & viaggi 650 4$aEtiopia.$0(OLS)http://semarc/subject/5881 700 1 $aCalloni, Francesco ,$c.$0(OLS)http://semarc/name/3889 830 0$aPopoli & viaggi.$0(OLS)http://semarc/title/10077 850 $aSeMil 852 $aSeMil$W1$xVenegono$y1$m4Y VIII 63$j177272$B177272$CSeMilBibl$Z2$F188400 $81 961 $aOmaggio: Ferrario mons. Emilio 996 $6020$a88-7135-130-4$9(OLS)http://semarc/number/228336 996 $6245$aEtiopia$9(OLS)http://semarc/title/157814 996 $6260$aGorle :$bVelar$9(OLS)http://semarc/publisher/33489